Former Dominions and Colonies of Sweden - Statistics

General Stats
  • This quiz has been taken 382 times
    380 since last reset
  • The average score is 13 of 31
Answer Stats
Name of Region % Correct
Norway
94%
Finland
93%
Finland
93%
Denmark
92%
Russia
89%
Germany
86%
Estonia, Latvia
85%
Estonia
79%
Poland
79%
USA
75%
Lithuania
74%
France
59%
Ghana
43%
New Sweden
33%
St Barthélemy
27%
Swedish Ingria
25%
Swedish Livonia
25%
Kexholm County
24%
Swedish Gold Coast
24%
Swedish Pomerania
24%
Bremer-Verden
16%
Guadeloupe
14%
Bornholm
13%
Trinidad & Tobago
12%
Tobago
7%
Trøndelag
7%
Memel
6%
Duchy of Estonia
3%
Elbing
3%
Swedish Wismar
3%
Pillau
2%
No matching quizzes found
Score Distribution
Percent of People with Each Score
Percentile by Number Answered
Your Score History
You have not taken this quiz since the last reset